| 000 | 01078cam a2200265 4500 | ||
|---|---|---|---|
| 999 |
_c6592 _d6592 |
||
| 003 | OSt | ||
| 005 | 20200225101708.0 | ||
| 008 | 171003s2010 sp a er 011 p spa d | ||
| 020 | _a9788420405599 | ||
| 040 |
_aCO-BoUCM _cCO-JMCR |
||
| 041 | 0 | _aspa | |
| 082 | 0 | 4 |
_aP / _bMISe |
| 100 | 1 |
_aMistral, Gabriela, _987467 _eautora |
|
| 245 | 1 | 0 |
_aEn verso y prosa : _bantología / _cGabriela Mistral |
| 246 | _aAntología : Gabriela Mistral | ||
| 260 |
_aMadrid, España : _bReal Academia Española ; Asociación de Academias de la Lengua Española, _c2010 |
||
| 300 |
_acxx, 758 páginas : _bilustraciones a blanco y negro ; _c20 cm. |
||
| 500 | _aIncluye datos biográficos y fotografía de la autora. | ||
| 500 | _aIncluye índice onomástico, alfabético de títulos e índice de primeros versos. | ||
| 504 | _aBibliografía: páginas 683-699 | ||
| 600 | 1 | 4 |
_aMistral, Gabriela _d1889-1957 _xCrt̕ica e interpretacin̤ _987468 |
| 650 | 1 | 4 |
_aPoesía chilena _ySiglo XX _vantologías _921789 |
| 650 | 1 | 4 |
_aLiteratura chilena _ySiglo XX _vantologías _918625 |
| 942 |
_2ddc _cBK |
||